000 01201nam a2200253 i 4500
001 61017
003 ES-MaACL
005 20250730080557.0
007 t|
008 031110s1948 mx ||||1| spa d
245 0 0 _aEstudios de historiografía americana /
_cpor Isabel Gutiérrez del Arroyo ... [et al.] ; en una advertencia de Silvio Zavala.
250 _a[1ª ed.].
260 _aMéxico :
_bEl Colegio de México :
_bFondo de Cultura Económica,
_c[1948] (
_fGráf. Panamericana)
300 _a485 p. ;
_c24 cm.
651 4 _97747
_aAmérica Latina-
_xHistoria
651 0 _9215901
_aAmérica Latina-
_vHistoriografía
700 1 _aGutiérrez del Arroyo, Isabel.
_961131
700 1 _aZavala, Silvio,
_d1909-2014
_9118108
852 _aES-MaACL
_jD-6529
_bR.30212
_bR.M. 6120
_963338
_cSVI
_fSello en tinta azul de la Biblioteca del Ateneo de Madrid
_gAnotación manuscrita en cubierta: "63/30"
_zEn cubierta: "11. NOV. 1950"
_zEtiqueta en hoja de guarda: "AFRODISIO AGUADO S.A MAS ALLÁ"
942 _2udc
_cMONOGRAFIA
999 _c61017
_d61017